000 00340 a2200157 4500
001 59670
020 _a8516037762
040 _cAnchieta - Pituba
240 1 0 _aCiências
_lpor
245 1 0 _aCiências
300 _a193
362 0 _a2005
440 1 _aModerna
650 4 _aBIOLOGIA, CIÊNICAS DA VIDA (CIÊNCIAS NATURAIS)
942 _cBK
999 _c59670
_d59670